| 000 | 00807cam a22002771 4500 | ||
|---|---|---|---|
| 001 | he 68004394 | ||
| 003 | DLC | ||
| 005 | 20260227111508.0 | ||
| 008 | 840531s1967 xx f000 0 heb | ||
| 010 | _ahe 68004394 | ||
| 035 | _a(OCoLC)21727245 | ||
| 040 |
_aDLC _cCU _dDLC |
||
| 042 | _apremarc | ||
| 043 | _aa-is--- | ||
| 050 | 0 | 0 |
_aHB235.P3 _bA5 |
| 110 | 1 |
_aIsrael. _bLishkah ha-merkazit li-sṭaṭisṭiḳah. |
|
| 245 | 1 | 0 | _aMadad ha-meḥirim la-tsarkhan. |
| 260 | _c728 [1967 or 8] | ||
| 300 |
_a125 p. _c27 cm. |
||
| 490 | 1 |
_aSidrat pirsumim tekhniyim / Israel. ha-Lishkah ha-merkazit li-statistikah ; _vmis. 29 |
|
| 500 | _aRomanized. | ||
| 504 | _aBibliography: p. 123. | ||
| 650 | 0 |
_aPrices _zIsrael. |
|
| 650 | 0 | _aPrice indexes | |
| 830 | 0 |
_aSidrat pirsumim tekhniyim ; _vmis. 29 |
|
| 999 |
_c34087 _d34087 |
||